000 01082nam a22002897i 4500
003 EG-GICUC
005 20260306222552.0
008 260306s1917 uk ||||fr|||| 000 0 eng d
040 _aEG-GiCUC
_beng
_cEG-GiCUC
_dEG-GiCUC
_erda
041 _aeng
_heng
082 0 4 _221
_a341.6
_bMA . E
092 0 4 _221
099 _aLaw 11 341.6 MA . E 1917
100 1 _aMckinnon, F.D.
_eAuthor.
245 1 0 _aEffect of War on Contract:
_bAn Attempted Analysis of the Doctrine of Discharge of Contract by Impossibility of Performance, with a Resume of the Principal Cases Decided in the English Courts during the Present War /
_cBy F. D. MacKinnon, M.A..
264 _aOxford;
_bClarendon Press,
_c1917.
300 _a36 pages :
_billustrations,
_c24 cm
336 _2rda content
_atext
337 _2rda media
_aComputer
338 _2rda carrier
_aOnline Resource
504 _aBibliography: pages 200-250.
650 1 _aPublic International law
_2qrmak
651 1 _2qrmak
856 4 0 _uhttps://fll.law.cu.edu.eg/fulltext/bks/B11-08587.pdf
905 _a31
942 _2ddc
_cBK
_e21
_n0
999 _c65253
_d65253